| 000 | 00518nam a2200169 4500 | ||
|---|---|---|---|
| 001 | 120220 | ||
| 003 | ES-MaACL | ||
| 005 | 20251111063349.0 | ||
| 007 | t| | ||
| 008 | 070214n19001990sp r ||||1| spa d | ||
| 100 | 1 |
_aPérez Zúñiga, Juan, _d1860-1938 _991232 |
|
| 245 | 1 | 0 |
_aSeis días fuera del mundo _b: la tenacilla de oro ; Los hidalgos / _cJuan Pérez Zuñiga. |
| 260 |
_aMadrid : _bDolar, _c[19__?] |
||
| 300 |
_a160 p. ; _c16 cm. |
||
| 852 |
_aES-MaACL _jD-8364 _bR.32965 |
||
| 999 |
_c120220 _d120220 |
||